| 000 | 00939nam a22003137a 4500 | ||
|---|---|---|---|
| 001 | BR7200083 | ||
| 003 | BR-BrBNA | ||
| 005 | 20230928083739.0 | ||
| 007 | ta | ||
| 008 | 230509b bl.||||| |||| 00| 0 por d | ||
| 040 |
_aBR-BrBNA _bpor _cBiblioteca Nacional de Agricultura |
||
| 041 | _a(Por) | ||
| 072 |
_aP20; T00 _b/G514 _b/GZ81 |
||
| 090 | _ P20 BR7200083 | ||
| 100 | 1 | _aMagalhaes, E.P. (Instituto Estadual de Florestas, Belo Horizonte, MG (Brazil)) | |
| 110 | 1 |
_aAssociacao de Credito e Assistencia Rural, Belo Horizonte, MG (Brasil) _9511 |
|
| 245 | 1 | _aConservacao da natureza e poluicao [Flora; Fauna; Brasil] | |
| 260 | 3 |
_aBelo Horizonte, MG (Brasil): _c1972. |
|
| 300 | _a16 p. | ||
| 650 | _aRecurso da terra | ||
| 650 | _aPoluicao | ||
| 650 | _aPoluicao ambiental | ||
| 650 | _aFlora | ||
| 650 | _aFauna | ||
| 650 | _aConservacao | ||
| 650 | _aNatureza | ||
| 909 |
_a202309 _bLucia _c55 _dLucia Elande |
||
| 942 | _cBK | ||
| 999 |
_c15048 _d15048 |
||